1878 1879 1921 1899 1658 1807 1222 1063 1456 1356 1811 1670 1939 1600 1775 1836 1838 1834 1672 1599 1894 1343 1052 1324 1874 1733 1228 1839 1630 1459 1600 1057 1009 1197 1623 1011 1202 1633 1762 1763 1638 1321 1898 1032 1598 1932 1786 1636 1880 1478 1629 1019 1844 1085 1610 1241 1343 1113 1722 1767 1637 1517 1687 1218 1986 1068 1185 1445 1741 1635 1378 1599 1438 1961 1858 1479 1426 1917 1149 1679 1831 1749 1835 1045 1724 1928 1556 1823 1238 1154 1511 1591 1630 1050 1642 1914 1476 1489 1856 BCNSPRNW ULIB Ver.6.0+V

เปลี่ยนเป็นภาษาไทย

Change to English
 แสดงรายละเอียดบรรณานุกรม
  กลับหน้าหลัก

Brief Record : Get Marc (ISO 2709) : E-mail record : QR code < ปิดหน้าต่าง
LEADER : 00000nam 2200000uu 4500
001    13399114381
003     ULIB
008    120327s2548||||th 000 0 tha d
020    ^a974931199X
060 04 ^aWE835^bว542น 2548
100 0  ^aวิชัย วิจิตรพรกุล
245 10 ^aนิ้วล็อก =^bTrigger finger /^cวิชัย วิจิตรพรกุล
246 31 ^aTrigger finger
250    ^aพิมพ์ครั้งที่ 2
260    ^aกรุงเทพฯ :^bดอกหญ้ากรุ๊ป,^c2548
300    ^a224 หน้า :^bภาพประกอบ ;^c22 ซม.
650  7 ^aนิ้วมือ, โรค^xการป้องกันและควบคุม
650  7 ^aนิ้วมือ, โรค^xการรักษา
945    ^p195^l0^i14113
945    ^p195^l0^i14112
995    ^aกัณชพร
999    ^aใช้งานได้ทุกระบบ
รายการนี้ยังไม่มีแท็ก
คุณยังไม่ได้ล็อกอิน คุณสามารถมีกิจกรรมร่วมกับเว็บไซต์ได้ แต่ต้องล็อกอินก่อน ::
  ล็อกอิน

รายการสื่อสารสนเทศ

ลำดับที่ ประเภท เลขเรียก/บาร์โค้ด สถานที่ สถานะ
1. วิทยาศาสตร์การแพทย์ และสุขภาพ
วิทยาศาสตร์การแพทย์ และสุขภาพ
WE835 ว542น 2548 ฉ.2 
  Barcode: 14112
ห้องสมุดวิทยาเขตสวรรค์ประชารักษ์
►หนังสือทั่วไป
ถูกยืม กำหนดส่งวันที่ 15 พฤษภาคม 2558
  จอง

รายการใกล้เคียง
    ผู้แต่ง [วิชัย วิจิตรพรกุล]

BibComment


ยังไม่เคยถูกคอมเมนท์

คอมเมนท์ทรัพยากรรายการนี้
  คอมเมนท์: นิ้วล็อก Trigge..


 Copyright 2026. Bcnsprnw @Library